000 00410nam a2200181Ia 4500
001 24182
005 20260414151026.0
008 260414t1982||||xx |||||||||||||| ||spa||
041 _aESP
082 _a792.01
_bM48
100 _aMeyerhold, V. E.
_eAUT
245 0 _aTeoría teatral
_b
260 _c1982
300 _a224 páginas :
_ccm.
650 _aABD
654 _aCAU
942 _cLIB
_dJUS
_fJUS
_2ddc
_n
999 _c24182
_d24182